2021/22 Premier League Club By Picture Clue - Statistics

General Stats
  • This quiz has been taken 55 times
  • The average score is 14 of 20
Answer Stats
Picture Answer % Correct
Arsenal
95%
Manchester United
95%
Chelsea
91%
Liverpool
89%
Wolverhampton Wanderers
89%
Brighton & Hove Albion
82%
West Ham United
82%
Leicester City
77%
Tottenham Hotspur
68%
Brentford
66%
Norwich City
64%
Newcastle United
59%
Crystal Palace
55%
Southampton
55%
Leeds United
52%
Watford
52%
Aston Villa
50%
Burnley
50%
Everton
50%
Manchester City
50%
No matching quizzes found
Score Distribution
Percent of People with Each Score
Percentile by Number Answered
Your Score History
You have not taken this quiz